| Поле | Инд. | ПП | Название | Значение |
|---|---|---|---|---|
| Тип записи | a | |||
| Библиографический уровень | b | |||
| 001 | Контрольный номер | RU/IS/BASE/483588466 | ||
| 005 | Дата корректировки | 20200522191728.8 | ||
| 008 | Кодируемые данные | 20150429 | ||
| 084 | a | Индекс другой классификации/Индекс ББК | 65.262.10в631.0 | |
| 100 | 1_ | a | Автор | Федоров Б. |
| 245 | a | Заглавие | Разработка модели оценки риска ликвидности банка | |
| 504 | a | Библиография | Лит. в конце статьи | |
| 520 | a | Аннотация | Обоснована необходимость разработки модели оценки риска ликвидности банка, описаны основные этапы создания модели. В качестве методов построения модели используются корреляционный анализ для выявления значимости факторов риска и регрессионный анализ для определения уровня риска ликвидности. Приводятся результаты построения модуля, выраженные в оценке точности модели. | |
| 650 | a | Основная рубрика | банковское дело | |
| a | Основная рубрика | кредитно-денежная система | ||
| a | Основная рубрика | математическое моделирование | ||
| a | Основная рубрика | методы научного исследования | ||
| a | Основная рубрика | финансы | ||
| a | Основная рубрика | экономика | ||
| 653 | a | Ключевые слова | корреляционный анализ | |
| a | Ключевые слова | ликвидность банка | ||
| a | Ключевые слова | модели управления рисками | ||
| a | Ключевые слова | оценка ликвидности | ||
| a | Ключевые слова | регрессионный анализ | ||
| a | Ключевые слова | риск ликвидности | ||
| a | Ключевые слова | риски | ||
| a | Ключевые слова | управление активами | ||
| a | Ключевые слова | управление пассивами | ||
| a | Ключевые слова | управление рисками (риск-менеджмент) | ||
| a | Ключевые слова | управление финансами (финансовый менеджмент) | ||
| a | Ключевые слова | финансовые риски | ||
| a | Ключевые слова | экономико-математическое моделирование | ||
| a | Ключевые слова | эффективность управления рисками | ||
| 773 | t | Заглавие источника | РИСК: ресурсы, информация, снабжение, конкуренция | |
| d | Дата издания источника | 2013 | ||
| g | Прочая информация | № 3. - С. 222 - 252 : схем. | ||
| w | Контрольный № источника | RU/IS/BASE/439917319 | ||
| 901 | t | Тип документа | b |